| 000 | 00991cam a22003013a 4500 | ||
|---|---|---|---|
| 001 | 32437 | ||
| 003 | PGUSA | ||
| 005 | 20140828083713.0 | ||
| 008 | 100519s2010||||xxu|||||s|||||000 1 eng d | ||
| 040 |
_aPGUSA _beng |
||
| 042 | _adc | ||
| 050 | 4 | _aPZ | |
| 100 | 1 | _aCrane, Laura Dent | |
| 245 | 1 | 4 |
_aThe Automobile Girls at Chicago; Or, Winning Out Against Heavy Odds _h[electronic resource] / _cLaura Dent Crane |
| 260 |
_bProject Gutenberg, _c2010 |
||
| 506 | _aPublic domain in the USA. | ||
| 516 | _aElectronic text | ||
| 653 | _aGirls -- Societies and clubs -- Juvenile fiction | ||
| 653 | _aMystery and detective stories | ||
| 653 | _aVacations -- Juvenile fiction | ||
| 653 | _aTreasure troves -- Juvenile fiction | ||
| 653 | _aAutomobile travel -- Juvenile fiction | ||
| 653 | _aFriendship -- Juvenile fiction | ||
| 653 | _aChicago (Ill.) -- Juvenile fiction | ||
| 830 | 0 |
_aProject Gutenberg _v32437 |
|
| 856 | 4 | 0 | _uhttp://www.gutenberg.org/ebooks/32437 |
| 942 | _cEB | ||
| 999 |
_c261692 _d261692 |
||